Discreate Mathematics/ (Record no. 198403)

MARC details
000 -LEADER
fixed length control field 00789nam a22002297a 4500
005 - DATE AND TIME OF LATEST TRANSACTION
control field 20230919172212.0
010 ## - LCCN (DPL NO)
LC control number ENG-138183
020 ## - INTERNATIONAL STANDARD BOOK NUMBER
International Standard Book Number 9788194878780
Terms of availability 820.00
035 ## - SYSTEM CONTROL NUMBER
System control number EN-121715
037 ## - SOURCE OF ACQUISITION
Source of stock number/acquisition DBAD/PUB
082 ## - DEWEY DECIMAL CLASSIFICATION NUMBER
Classification number 511.1
Edition number First 2022
100 ## - MAIN ENTRY--PERSONAL NAME
Personal name Patra, P Santosh
245 ## - TITLE STATEMENT
Title Discreate Mathematics/
Statement of responsibility, etc By P Santosh Patra...[et.al]
250 ## - EDITION STATEMENT
Edition statement First 2022
260 ## - PUBLICATION, DISTRIBUTION, ETC. (IMPRINT)
Place of publication, distribution, etc Hyderabad
Name of publisher, distributor, etc Spectrum Publications
Date of publication, distribution, etc 2022
270 ## - ADDRESS
City Hyderabad
Address 326/C, Level -1 Near B K Guda Park, S R Nagar
Postal code 500038
Telephone number +914023710657
-- +91238000657
Fax number +914023810657
300 ## - PHYSICAL DESCRIPTION
Extent xvi,472p.
Dimensions 24cm(hbk)
Other physical details Index
700 ## - ADDED ENTRY--PERSONAL NAME
Personal name Reddy, D Ranadheer
Relator term Author
9 (RLIN) 56915
700 ## - ADDED ENTRY--PERSONAL NAME
Personal name Reddy, K Upender
Relator term Author
9 (RLIN) 57002
700 ## - ADDED ENTRY--PERSONAL NAME
Personal name Someshwar, S
9 (RLIN) 57008
942 ## - ADDED ENTRY ELEMENTS (KOHA)
Source of classification or shelving scheme Dewey Decimal Classification
Item type English Books
Classification part 511.1
Call number suffix PAT
Holdings
Withdrawn status Lost status Not for loan Collection code Home library Current library Date acquired Source of acquisition Cost, normal purchase price Full call number Barcode Copy number Cost, replacement price Koha item type
      Non-fiction D.B.Act.Division Mobile Library 19/09/2023 DBAD/PUB 820.00 511.1 PAT EN-121715 1 820.00 English Books

© Delhi Public Library
Hit Counter
free hit counter